| 000 | 00804nam a2200277Ia 4500 | ||
|---|---|---|---|
| 003 | OSt | ||
| 005 | 20220926013750.0 | ||
| 006 | a|||||r|||| 00| 0 | ||
| 007 | ta | ||
| 008 | 220923b |||||||| |||| 00| 0 eng d | ||
| 020 | _a0471348848 | ||
| 037 | _cGeneral Book | ||
| 040 |
_aRTL _cRTL _beng |
||
| 041 |
_2eng _aeng |
||
| 082 | _aX9(U8):89F, L8;P1 | ||
| 100 |
_aColtman Michael M _9243722 |
||
| 245 | 0 | _aHospitality management accounting | |
| 250 | _a7th | ||
| 260 |
_aNew York _bJohn Wiley & Sons U S A _c2001 |
||
| 300 |
_ax,625p _ccm. |
||
| 500 | _aAppendix p. 577-96 Glossary p. 597-610 | ||
| 650 | _aTravel Industry | ||
| 700 |
_a Jagels Martin G _9318973 |
||
| 942 |
_hX9(U8):89F, L8;P1 _cGB _2CC |
||
| 999 |
_c626790 _d626790 |
||